| 000 | 00494nam a2200181Ia 4500 | ||
|---|---|---|---|
| 001 | 25222 | ||
| 005 | 20260414151135.0 | ||
| 008 | 260414t2004||||xx |||||||||||||| ||spa|| | ||
| 041 | _aESP | ||
| 082 |
_a346.4 _bR36 |
||
| 100 |
_aDe Reina Tartiére, Gabriel _eAUT |
||
| 245 | 0 |
_aLas denominadas nuevas formas de dominio : _brevisión conceptual y perspectivas de futuro |
|
| 260 | _c2004 | ||
| 300 |
_a64 páginas : _c23 cm. |
||
| 650 | _aDER | ||
| 654 | _aCDE | ||
| 942 |
_cLIB _dJUS _fJUS _2ddc _n |
||
| 999 |
_c25222 _d25222 |
||